Quizzes
Events
Quiz Creation
Community
Videos
Private Events
Remove Ads
Sign In
Join for FREE
Feedback
Dark Mode
Quiz Categories
Sports
Geography
Music
Movies
Television
Just For Fun
Miscellaneous
History
Literature
Language
Science
Gaming
Entertainment
Religion
Holiday
For Kids
Quiz Lab
Recent
Popular Today
Quiz Kudos Today
Editor Picks
Curator Picks
Quizzes by...
Day
Popularity
Type
Ratings
Length
Year
Community
Subscriptions
Recent Discussions
Orange Saloon
Badges
Playlists
Quests
Create
Leaderboards
Showdown
Live 5
Trivia Bingo
Activity
Puzzle Library
Sporcle Events
Private Events
Virtual Trivia
Globe League
Become a Host
Pub Owners
SporcleCon
Opinionation
Our Games
Videos
Blog
Mobile Apps
Partnerships
Remove Ads and Go Orange
Feedback
Music
Pop Music
The Beatles
Song
Album
Lyrics
Bands
Singers
Artist
Clip
Rock
Rap
Classical
Billboard
Country Music
Kpop
Taylor Swift
Music
Pop Music
The Beatles
Song
Album
Lyrics
Bands
Singers
Artist
Clip
Rock
Rap
Classical
Billboard
Country Music
Kpop
Taylor Swift
Random Quiz
Search Sporcle
×
Quiz Lab
Quiz Lab
Music
Rock
Type in answers that appear in a list
Type in answers that appear in a list
Classic
Best Score? Go Orange.
Classic Rock Bands/Artists: Part VI Stats
Can you name the classic rock bands/artists by some of the songs they sing?
By
TheHestinator
5m
40 Questions
154 Plays
154 Plays
154 Plays
Comments
Comments
Give Quiz Kudos
Give Quiz Kudos
-
- Ratings
hide this ad
More Info
Forced Order
Answers have to be entered in order
Answers have to be entered in order
Random Order
Randomize order of answers
Randomize order of answers
Replay
Link that replays current quiz
Next Quiz
Link to next quiz in quiz playlist
You Got
0%
They Got
Avg Score
46%
Avg Friend Score
Upgrade to see
Score Distribution
Jump to the score distribution portion of the page
Score
0/40
Timer
05:00
0
Plays Today
Songs
Band/Artist
% Correct
A Horse with No Name; Ventura Highway; Sister Golden Hair
America
88.3%
Vincent; American Pie; Castles in the Air
Don McLean
85.7%
Anarchy in the U.K.; God Save the Queen; Holidays in the Sun
Sex Pistols
84.4%
My Sharona; Good Girls Don't; Baby Talks Dirty
The Knack
79.9%
Black Betty; Keep Your Hands on the Wheel; All for the Love of Rock 'n' Roll
Ram Jam
79.2%
Blinded by the Light; Spirits in the Night; Questions
Manfred Mann's Earth Band
76.6%
Low Rider; Why Can't We Be Friends?; Spill the Wine
War
74%
All Right Now; Mr. Big; Fire and Water
Free
73.4%
Lawyers, Guns and Money; Werewolves of London; Excitable Boy
Warren Zevon
72.7%
For What It's Worth; Mr. Soul; Bluebird
Buffalo Springfield
72.1%
All the Young Dudes; All the Way from Memphis; The Golden Age of Rock 'n' Roll
Mott the Hoople
71.4%
Cat's in the Cradle; WOLD; Taxi
Harry Chapin
68.2%
Higher Love; Roll with It; Valerie
Steve Winwood
64.3%
Games People Play; I Wouldn't Want To Be Like You; Sirius/
Eye in the Sky
The Alan Parsons Project
51.3%
The Way It Is; The Valley Road; Mandolin Rain
Bruce Hornsby and the Range
51.3%
If I Ever Lose My Faith in You; Fortress Around Your Heart; If You Love Somebody Set Them Free
Sting
50.6%
She's My Baby; End of the Line; Handle with Care
Traveling Wilburys
50%
I Wanna Be Your Dog; T.V. Eye; Search and Destroy
The Stooges
50%
Jeopardy; The Breakup Song (They Don't Write 'Em); Testify
The Greg Kihn Band
50%
Rock and Roll, Hoochie Koo; Still Alive and Well; Teenage Love Affair
Rick Derringer
47.4%
Songs
Band/Artist
% Correct
Symphony of Destruction; Peace Sells; Holy Wars... The Punishment Due
Megadeth
46.8%
Tuff Enuff; Powerful Stuff; Wrap It Up
The Fabulous Thunderbirds
44.2%
Tall Cool One; In the Mood; Big Log
Robert Plant
42.9%
21st Century Schizoid Man; Cat Food; Epitaph
King Crimson
39%
Turn Up the Radio; Blondes in Black Cars; Send Her to Me
Autograph
37.7%
Modern Day Cowboy; Love Song; Little Suzi
Tesla
37%
Fast as a Shark; Restless and Wild; Balls to the Wall
Accept
34.4%
Up All Night; Fly to the Angels; Spend My Life
Slaughter
30.5%
Ah! Leah!; Do You Compute?; Love Is Like a Rock
Donnie Iris
27.3%
Summertime Blues; Out of Focus; Parchment Farm
Blue Cheer
27.3%
Love Don't Come Easy; All You Need Is Rock 'n' Roll; Wait
White Lion
25.3%
One More Reason; The Ballad of Jayne; Kiss My Love Goodbye
L.A. Guns
24.7%
I Don't Need No Doctor; 30 Days in the Hole; Hot 'n' Nasty
Humble Pie
22.7%
Midnite Maniac; Screaming in the Night; Long Stick Goes Boom
Krokus
20.8%
Blind in Texas; Wild Child; I Wanna Be Somebody
W.A.S.P.
20.1%
Breadfan; Napoleon Bona-
Parts One and Two; Crash Course in Brain Surgery
Budgie
12.3%
747 (Strangers in the Night); Crusader; Princess of the Night
Saxon
11%
Rock 'n' Roll Party in the Streets; Heat in the Street; Burn the City Down
Axe
7.1%
Take a Look at Yourself; Whisper a Prayer for the Dying; Shake My Tree
Coverdale•Page
4.5%
Cheated; Panic in the Streets; Children of the Earth
Praying Mantis
2.6%
Quiz Playlist
Details
Report
Send in Message
Add To Playlist
More Info:
Definition of "classic rock" used is in the comments' section.
Classic:
Type in answers that appear in a list
Forced Order:
Answers have to be entered in order
Random Order:
Randomize order of answers
Last Updated: Feb 28, 2018
Quiz Scoreboard
CHALLENGE
Sign Up to Join the Scoreboard
Show All
Scores
Hide
Comments
May contain spoilers
Recently Published
1-10 Letter E Words III
by El_Dandy
Language
2m
One Thing in Common: World Cities II
by knightlancer
Geography
7m
Popular People in 1961
by mucciniale
History
6m
More to Explore
Quiz From the Vault
Featured Blog Post
Where Did the Easter Bunny Come From?
hide this ad
You Might Also Like...
Tags
Rock Quiz
Classic Rock
Rock Band
Today's Top Quizzes in Music
Browse Music
hide this ad
Today's Top Quizzes in Rock
Browse Rock
Top Contributed Quizzes in Music
1
Taylor Swift All Songs (2024)
2
2010s Album by Cover III
3
Taylor Swift Logic Puzzle
4
One Thing in Common: Music
5
Guess the Artist- 70s Songs
6
Guess the Taylor Swift song (Mystery Song)
7
2010s Album by Cover V
8
2010s Album by Cover IV
9
Lana Del Rey Discography (BTD to DYKTTATUOB)
10
KPOP LOGIC QUIZ
Explore More
Trending Topics
NBA
Crossword
Marvel
Anime
Disney
Kpop
Harry Potter
WWE
Pokémon
Soccer
Country
Song
The Office
Puzzle
NFL
hide this ad
More By:
TheHestinator
Quiz
Plays
Rating
Category
Featured
Created
Classic Rock Bands/Artists: Part VII
101
Music
Feb 28, 2018
Classic Rock Bands/Artists: Part I
896
4.09
Music
Mar 25, 2012
Classic Rock Bands/Artists: Part II
497
4.33
Music
Sep 12, 2012
Classic Rock Bands/Artists: Part III
406
4.13
Music
Jun 9, 2013
Classic Rock Bands/Artists: Part IV
351
4.14
Music
Jan 7, 2014
Classic Rock Bands/Artists: Part V
242
3.60
Music
Oct 22, 2014
Go to Creator's Profile
Score Distribution
Quiz Creator Spotlight
TheHestinator
Follow
Send a Message
Quizzes Created
-
Created Quiz Play Count
-
More By This Creator
Popular Quizzes Today
1
Find the US States - No Outlines Minefield
2
Find the Countries of Europe - No Outlines Minefield
3
The Countries of the World
4
Popular People in 1961
5
1-10 Letter E Words III
6
Find the US States
7
One Thing in Common: World Cities II
8
US States
More Music Quizzes
Michael Jackson Forename Match
Editor's Pick
Trending Quizzes
Risky Map Clicking: Least Populous States A-Z
1-10 Letter F Words
1-10 Letter G Words
One Thing in Common: United Kingdom
Risky Map Clicking: Biggest States A-Z
Recently Updated
Leaping Animals
pecheneg
Reality TV Shows (A-Z)
bhenderson79
Rickey Henderson's Hall of Fame Teammates
pecheneg
Champions League XIs: Arsenal
pecheneg
Quick Pick: Celebrities in WWE's Hall of Fame
aduchscher
A-Z Keypad Blitz II
pecheneg
Multiple Oscar Actors
pecheneg
Mystery Phrase Blitz: Oscar 'Best Actors'
pecheneg
F. Scott Fitzgerald Novels
LTH
Pick 3 Villains
ddd62291
Trending Topics
Disney
Crossword
NBA
Kpop
Anime
Marvel
Harry Potter
Country
NFL
Puzzle
Pokémon
WWE
The Office
Soccer
Song
Your Account Isn't Verified!
In order to create a playlist on Sporcle, you need to verify the email address you used during registration. Go to your
Sporcle Settings
to finish the process.
Report this User
Report this user for behavior that violates our
Community Guidelines
.
Details:
Send Report
Go to the Sporcle.com Mobile Site →
Comments